书目信息 |
| 题名: |
老照片
|
|
| 作者: | 冯克力 主编 | |
| 分册: | 第一○三辑 | |
| 出版信息: | 济南 山东画报出版社 2015.10 |
|
| 页数: | 189页 | |
| 开本: | 21cm | |
| 丛书名: | ||
| 单 册: | ||
| 中图分类: | K106 , K260.6 , K10 | |
| 科图分类: | ||
| 主题词: | 世界史--shi jie shi--史料 , 中国历史--zhong guo li shi--现代史--史料 | |
| 电子资源: | ||
| ISBN: | 978-7-5474-1678-5 | |
| 000 | 00942nam0 2200289 450 | |
| 001 | 2232133986 | |
| 005 | 20220918182654.76 | |
| 010 | @a978-7-5474-1678-5@dCNY20.00 | |
| 100 | @a20151216d2015 em y0chiy50 ea | |
| 101 | 0 | @achi |
| 102 | @aCN@b370000 | |
| 105 | @ay z 000yy | |
| 200 | 1 | @a老照片@Alao zhao pian@h第一○三辑@f主编冯克力 |
| 210 | @a济南@c山东画报出版社@d2015.10 | |
| 215 | @a189页@d21cm | |
| 304 | @a题名、责任者取自书内 | |
| 312 | @a英文题名取自书内 | |
| 330 | @a本书主要内容包括: 吴炳琳 我的1945年 ; 张在璇 舅舅留下的底片 ; 王秋杭 1989年: 大西北采风记 (中) ; 陈钦春 追忆我的四位祖父 ; 邵迎进 祖父的“履历”等。 | |
| 510 | 1 | @aOld photos@zeng |
| 606 | 0 | @a世界史@Ashi jie shi@x史料 |
| 606 | 0 | @a中国历史@Azhong guo li shi@x现代史@x史料 |
| 690 | @aK106@v5 | |
| 690 | @aK260.6@v5 | |
| 690 | @aK10@v4 | |
| 701 | 0 | @a冯克力@Afeng ke li@4主编 |
| 801 | 0 | @aCN@b人天书店@c20151216 |
| 905 | @aZUCC@dK10@e23:103 | |
| 老照片.第一○三辑/主编冯克力.-济南:山东画报出版社,2015.10 |
| 189页;21cm |
| ISBN 978-7-5474-1678-5:CNY20.00 |
| 本书主要内容包括: 吴炳琳 我的1945年 ; 张在璇 舅舅留下的底片 ; 王秋杭 1989年: 大西北采风记 (中) ; 陈钦春 追忆我的四位祖父 ; 邵迎进 祖父的“履历”等。 |
| ● |
| 相关链接 |
|
|
|
正题名:老照片
索取号:K10/23:103
 
预约/预借
| 序号 | 登录号 | 条形码 | 馆藏地/架位号 | 状态 | 备注 |
| 1 | 2000895477 | 2000895477 | 第三书库/ [索取号:K10/23:103] | 在馆 | |
| 2 | 2000895478 | 2000895478 | 第三书库/ [索取号:K10/23:103] | 在馆 | |
| 3 | 2000895479 | 2000895479 | 第三书库/ [索取号:K10/23:103] | 在馆 |